[Event "6th Kesarovski - Georgiev Mem"]
[Site "Sunny Beach BUL"]
[Date "2007.09.17"]
[Round "8.13"]
[White "Bojchev, Marian"]
[Black "Orev, Petar"]
[Result "1-0"]
[WhiteElo "2397"]
[BlackElo "2235"]
[PlyCount "99"]
[EventDate "2007.09.10"]
[EventType "swiss"]
[EventRounds "9"]
[EventCountry "BUL"]

1. d4 Nc6 2. d5 Ne5 3. e4 e6 4. dxe6 dxe6 5. Qxd8+ Kxd8 6. f4 Nc6 7. Nf3 Nf6 8.
e5 Nd5 9. c4 Bb4+ 10. Kd1 Nb6 11. a3 Be7 12. Kc2 a5 13. b3 Bd7 14. Be3 f6 15.
exf6 Bxf6 16. Nc3 Nc8 17. Rd1 Nd6 18. Be2 Re8 19. g4 g6 20. c5 Bxc3 21. Kxc3
Ne4+ 22. Kc2 Nf6 23. Ng5 Ke7 24. Rhe1 h6 25. Nh3 Rad8 26. Nf2 Nd5 27. Bc1 Kf7
28. Ne4 Nce7 29. Nf2 Kg7 30. Nd3 Bb5 31. Bf3 Nc6 32. Ne5 Nxe5 33. Rxe5 Bc6 34.
Be2 Kf7 35. Bd3 Ne7 36. Rde1 Bd5 37. Bb5 Nc6 38. Bxc6 Bxc6 39. R1e3 Rd5 40. Rh3
Rh8 41. Bb2 Rh7 42. Rhe3 Rxe5 43. Bxe5 Kf8 44. Bc3 a4 45. Rxe6 axb3+ 46. Kb2
Be8 47. Rf6+ Bf7 48. c6 b6 49. Bb4+ Kg7 50. Bc3 1-0

[Event "5th Kesarovski - Georgiev Mem"]
[Site "Sunny Beach, BUL"]
[Date "2006.09.06"]
[Round "5.8"]
[White "Bojchev, Marian"]
[Black "Orev, Petar"]
[Result "1-0"]
[WhiteElo "2325"]
[BlackElo "2249"]
[PlyCount "79"]
[EventDate "2006.09.02"]

1. d4 Nc6 2. c4 e5 3. d5 Nce7 4. e4 Ng6 5. Be3 Nf6 6. f3 Bb4+ 7. Nc3 Qe7 8. Qd2
Bc5 9. Bxc5 Qxc5 10. Nb5 a5 11. d6 cxd6 12. Nxd6+ Ke7 13. O-O-O Rd8 14. Ne2 Ne8
15. Ng3 Nxd6 16. Qxd6+ Qxd6 17. Nf5+ Kf8 18. Rxd6 Ne7 19. Ne3 Ra6 20. c5 Rc6
21. Rxc6 Nxc6 22. Bc4 d6 23. Bd5 dxc5 24. Bxc6 bxc6 25. Rd1 Rd4 26. Nc2 Rxd1+
27. Kxd1 Be6 28. a3 Ke7 29. Kd2 g6 30. Kc3 f5 31. Ne3 fxe4 32. fxe4 Kf6 33. a4
Kg5 34. g3 Ba2 35. Nc4 Bxc4 36. Kxc4 Kg4 37. Kxc5 Kf3 38. b4 axb4 39. Kxb4 Kxe4
40. a5 1-0

[Event "Pernik BUL, 71st Men Ch"]
[Site "Pernik BUL"]
[Date "2007.03.20"]
[Round "13.4"]
[White "Bojchev, Marian"]
[Black "Pantev, Veselin"]
[Result "1-0"]
[WhiteElo "2366"]
[BlackElo "2325"]
[PlyCount "105"]
[EventDate "2007.03.10"]

1. d4 c5 2. d5 g6 3. e4 Bg7 4. c4 d6 5. Nc3 Nf6 6. Bd3 O-O 7. h3 Na6 8. Nf3 e6
9. O-O Nc7 10. Re1 e5 11. a3 Bd7 12. b4 b6 13. Rb1 Na6 14. Nb5 Ne8 15. Bd2 Nac7
16. Nc3 Na6 17. Bc2 Rc8 18. Qe2 h6 19. Ba4 Bxa4 20. Nxa4 f5 21. Nc3 f4 22. Nb5
Qd7 23. Kh2 g5 24. g4 Bf6 25. Rg1 Kf7 26. Kg2 Rh8 27. Qd3 Ra8 28. Kf1 Nac7 29.
bxc5 bxc5 30. Ke2 h5 31. Nxc7 Qxc7 32. Qb3 hxg4 33. hxg4 Ng7 34. Qb7 Rhc8 35.
Ba5 Qxb7 36. Rxb7+ Kg6 37. Rgb1 Ne8 38. Nd2 Bd8 39. Bxd8 Rxd8 40. f3 Nf6 41.
Re7 Re8 42. Rxe8 Nxe8 43. Rb7 Nf6 44. Kd3 a5 45. a4 Ra6 46. Nb3 Ra8 47. Rb5 Rh8
48. Nd2 Rh3 49. Kc2 Rg3 50. Rb6 Nxg4 51. fxg4 Rxg4 52. Rxd6+ Kf7 53. Re6 1-0

[Event "5th Kesarovski - Georgiev Mem"]
[Site "Sunny Beach, BUL"]
[Date "2006.09.02"]
[Round "1.13"]
[White "Bojchev, Marian"]
[Black "Petkova, Veneta"]
[Result "1-0"]
[WhiteElo "2382"]
[BlackElo "1992"]
[PlyCount "61"]
[EventDate "2006.09.02"]

1. e4 e6 2. d4 d5 3. Nd2 Nf6 4. e5 Nfd7 5. Bd3 c5 6. c3 Nc6 7. Ne2 cxd4 8. cxd4
f6 9. exf6 Nxf6 10. O-O Bd6 11. f4 O-O 12. Nf3 Qc7 13. Be3 Ng4 14. Bd2 g6 15.
h3 Nf6 16. Be3 Qg7 17. Rc1 Bd7 18. Ne5 Qh6 19. Rf3 Qg7 20. Nc3 Rac8 21. Qe2 Kh8
22. Rcf1 Be7 23. Kh1 Nxe5 24. dxe5 Ng8 25. Bxa7 Bc5 26. Bxc5 Rxc5 27. Qf2 Rcc8
28. Ne2 Ne7 29. Qb6 Bc6 30. Nd4 Nf5 31. Nxe6 1-0

[Event "Plovdiv BUL, Georgi Tringov Mem 07"]
[Site "Plovdiv BUL"]
[Date "2007.02.08"]
[Round "6.3"]
[White "Bojchev, Marian"]
[Black "Radulski, Julian"]
[Result "0-1"]
[WhiteElo "2394"]
[BlackElo "2445"]
[PlyCount "72"]
[EventDate "2007.02.05"]

1. d4 d5 2. c4 e6 3. Nf3 Nf6 4. Nc3 Be7 5. Bg5 O-O 6. e3 Nbd7 7. Qc2 h6 8. Bh4
c5 9. cxd5 cxd4 10. Nxd4 Nxd5 11. Bxe7 Nxe7 12. Be2 Nf6 13. Nf3 Bd7 14. O-O Qa5
15. Qb3 Rab8 16. Rfd1 Rfc8 17. Rac1 b5 18. Nd2 b4 19. Nc4 Qg5 20. Nb1 Bc6 21.
g3 Ne4 22. Nbd2 Nxd2 23. Rxd2 Bd5 24. Qa4 Nf5 25. Qd1 h5 26. Bd3 Rd8 27. f4 Qf6
28. Kf2 Bxc4 29. Rxc4 g6 30. e4 Nh6 31. e5 Qe7 32. Be2 a5 33. Rxd8+ Rxd8 34.
Qc1 Qa7+ 35. Kg2 Nf5 36. Rc8 Qb7+ 0-1

[Event "BUL DOP2005 55th team Men"]
[Site "Sunny Beach"]
[Date "2005.10.01"]
[Round "6.1"]
[White "Bojchev, Marian"]
[Black "Radulski, Julian"]
[Result "1/2-1/2"]
[WhiteElo "2240"]
[BlackElo "2502"]
[PlyCount "41"]
[EventDate "2005.09.??"]
[EventType "team"]
[EventRounds "7"]
[EventCountry "BUL"]

1. d4 Nf6 2. c4 d6 3. Nc3 Nbd7 4. e4 e5 5. d5 Be7 6. f3 c6 7. Be3 O-O 8. Qd2 a6
9. Bd3 cxd5 10. cxd5 b5 11. b4 Nb6 12. a4 bxa4 13. Nxa4 Nxa4 14. Rxa4 Bd7 15.
Rxa6 Rxa6 16. Bxa6 Qa8 17. b5 Rb8 18. Qd3 Bxb5 19. Bxb5 Qa5+ 20. Kf2 Rxb5 21.
Ne2 1/2-1/2

[Event "5th Kesarovski - Georgiev Mem"]
[Site "Sunny Beach, BUL"]
[Date "2006.09.07"]
[Round "6.4"]
[White "Bojchev, Marian"]
[Black "Rusev, Krasimir"]
[Result "1/2-1/2"]
[WhiteElo "2325"]
[BlackElo "2455"]
[PlyCount "160"]
[EventDate "2006.09.02"]

1. c4 Nf6 2. d4 e6 3. Nf3 d5 4. cxd5 exd5 5. Nc3 c6 6. Bg5 Be7 7. e3 Bf5 8. Bd3
Bxd3 9. Bxf6 Bxf6 10. Qxd3 Nd7 11. O-O Be7 12. Rab1 a5 13. Rfc1 O-O 14. Ne2 Bd6
15. Nd2 Qe7 16. Ng3 g6 17. Rc2 Rfe8 18. Ngf1 Rac8 19. Rbc1 Qe6 20. Nb3 Ra8 21.
Qc3 Qe7 22. Qd3 h5 23. Nbd2 Kg7 24. Re1 f5 25. Rcc1 Nf6 26. f3 Ra6 27. Re2 Rb6
28. Nb3 Rb5 29. Rcc2 a4 30. Nbd2 Rb4 31. Nb1 a3 32. b3 Rb6 33. Nc3 Bb4 34. Na4
Ra6 35. Qd1 Raa8 36. Nc5 Rac8 37. Nd3 Bd6 38. Qe1 b6 39. b4 Qa7 40. Qc1 Qa4 41.
Rc3 Bxb4 42. Nxb4 Qxb4 43. Rb3 Qe7 44. Rxb6 f4 45. Rxc6 Rxc6 46. Qxc6 Rb8 47.
Qc1 Re8 48. Qc3 h4 49. Rc2 g5 50. exf4 gxf4 51. Qc7 Qxc7 52. Rxc7+ Kg6 53. Ra7
Re2 54. Rxa3 Kf5 55. Ra7 Rc2 56. Ra4 Ne8 57. Ra5 Nf6 58. Ra7 Rc4 59. Rb7 Rxd4
60. Rb2 Ra4 61. Nd2 Ke5 62. Kf2 Kd4 63. Ke2 Ra8 64. Rb4+ Kc3 65. Rxf4 Rxa2 66.
Rxf6 Rxd2+ 67. Kf1 d4 68. Rc6+ Kd3 69. Rc1 h3 70. gxh3 Ke3 71. Re1+ Kxf3 72.
Re8 Rxh2 73. Ke1 Kf4 74. Kd1 Rxh3 75. Kd2 Re3 76. Rxe3 dxe3+ 77. Ke2 Ke4 78.
Ke1 Kd3 79. Kd1 e2+ 80. Ke1 Ke3 1/2-1/2

[Event "Plovdiv BUL, Georgi Tringov Mem 07"]
[Site "Plovdiv BUL"]
[Date "2007.02.10"]
[Round "8.16"]
[White "Bojchev, Marian"]
[Black "Skoko, Milan"]
[Result "1-0"]
[WhiteElo "2394"]
[BlackElo "2254"]
[PlyCount "65"]
[EventDate "2007.02.05"]

1. d4 f5 2. Nf3 Nf6 3. g3 g6 4. Bg2 Bg7 5. O-O O-O 6. b3 Ne4 7. Bb2 c5 8. c4
Nc6 9. e3 d6 10. Nbd2 Nf6 11. Qe2 Nh5 12. Rfd1 e5 13. d5 Nb8 14. Ne1 a5 15. a3
Na6 16. Nc2 Bd7 17. Bc3 Qe7 18. e4 b6 19. exf5 Bxf5 20. Ne4 Nf6 21. Nxf6+ Bxf6
22. Ne3 Bd7 23. h4 Qf7 24. Be4 Kg7 25. Kg2 h5 26. Rdb1 Rfb8 27. Qd2 Qe7 28. Ra2
Rf8 29. Qd3 Bxh4 30. gxh4 Qxh4 31. Rh1 Qg5+ 32. Kf1 Qf4 33. Kg2 1-0

[Event "BUL Open 2004"]
[Site "Teteven"]
[Date "2004.08.30"]
[Round "8.3"]
[White "Grigorov, Grigor"]
[Black "Boichev, Marian"]
[Result "1/2-1/2"]
[WhiteElo "2295"]
[BlackElo "2223"]
[PlyCount "103"]
[EventDate "2004.08.??"]
[EventType "swiss"]
[EventRounds "9"]
[EventCountry "BUL"]

1. d4 Nf6 2. c4 e6 3. Nc3 Bb4 4. Qc2 c5 5. dxc5 O-O 6. a3 Bxc5 7. Nf3 b6 8. Bg5
Bb7 9. e3 Be7 10. Be2 h6 11. Bh4 d6 12. O-O a6 13. Rad1 Qc7 14. Nd2 Nbd7 15.
Bg3 Rac8 16. Qb1 Rfd8 17. h3 Qb8 18. Rfe1 Qa8 19. Bf3 Nf8 20. Bxb7 Qxb7 21.
Nce4 Ne8 22. Rc1 b5 23. cxb5 axb5 24. Rxc8 Rxc8 25. Rc1 d5 26. Rxc8 Qxc8 27.
Nc3 b4 28. axb4 Bxb4 29. Qd3 Qa8 30. Nb3 Nf6 31. f3 N8d7 32. Qb5 Bxc3 33. bxc3
Qa7 34. Qd3 Qa4 35. Nd2 Qd1+ 36. Kh2 e5 37. e4 dxe4 38. fxe4 Kh7 39. c4 h5 40.
Bf2 Nf8 41. Qe3 Qc2 42. Bh4 N6d7 43. Qe2 Kg8 44. Bg5 g6 45. Qf3 Ne6 46. Be3 Kg7
47. Qf2 Nf6 {Diagram #} 48. Bh6+ Kxh6 49. Qxf6 Qxd2 50. Qh8+ Kg5 51. Qxe5+ Kh6
52. Qh8+ 1/2-1/2

[Event "BUL DIP 2O"]
[Site "Pleven"]
[Date "2005.03.06"]
[Round "9.1"]
[White "Grigorov, Grigor"]
[Black "Boichev, Marian"]
[Result "1-0"]
[WhiteElo "2339"]
[BlackElo "2214"]
[PlyCount "77"]
[EventDate "2005.03.??"]
[EventType "swiss"]
[EventRounds "9"]
[EventCountry "BUL"]

1. d4 Nf6 2. c4 e6 3. Nc3 Bb4 4. Nf3 b6 5. Bg5 Bxc3+ 6. bxc3 Bb7 7. Nd2 h6 8.
Bh4 d6 9. e3 Nbd7 10. f3 Qe7 11. Bd3 e5 12. e4 c5 13. Bf2 O-O-O 14. Nf1 exd4
15. cxd4 d5 16. cxd5 Nxd5 17. Ng3 cxd4 18. Nf5 Qb4+ 19. Qd2 Nc5 20. Bf1 g6 {
Diagram #} 21. Ne7+ Kb8 22. Nxd5 Qxd2+ 23. Kxd2 Bxd5 24. exd5 Rxd5 25. Bc4 Rd7
26. Rhe1 Rc8 27. Rac1 a6 28. Bh4 g5 29. Bg3+ Kb7 30. Bd3 Rf8 31. Bf5 Rdd8 32.
Re7+ Kc6 33. Be4+ Kb5 34. Bc7 Nxe4+ 35. fxe4 Rde8 36. Rb1+ Kc6 37. Rxb6+ Kc5
38. Rxe8 Rxe8 39. Rxa6 1-0

[Event "BUL DIP 18"]
[Site "Kazanluk"]
[Date "2005.02.15"]
[Round "5.1"]
[White "Grigorov, Grigor"]
[Black "Boichev, Marian"]
[Result "1-0"]
[WhiteElo "2339"]
[BlackElo "2214"]
[PlyCount "137"]
[EventDate "2005.02.??"]
[EventType "swiss"]
[EventRounds "9"]
[EventCountry "BUL"]

1. d4 Nf6 2. c4 e6 3. Nc3 Bb4 4. Qc2 c5 5. dxc5 O-O 6. a3 Bxc5 7. Nf3 Be7 8.
Bg5 d6 9. e4 a6 10. Rd1 Qc7 11. Be2 b6 12. O-O Bb7 13. Rfe1 Nbd7 14. Bf1 Rfd8
15. h3 Rac8 16. Bf4 Qb8 17. Qb1 Bf8 18. Rd2 Nh5 19. Bg5 Re8 20. Be3 Qa8 21. Bd4
Bc6 22. b4 Nf4 23. Be3 Ng6 24. Bd4 h6 25. Qb3 Rb8 26. b5 axb5 27. Nxb5 Rec8 28.
Qe3 Nc5 29. Bxc5 dxc5 30. h4 Rd8 31. Rxd8 Rxd8 32. h5 Ne7 33. Ne5 Be8 34. Qg3
Qb8 35. Be2 f6 36. Nd3 Qxg3 37. fxg3 Bxh5 38. Bxh5 Rxd3 39. e5 f5 40. Be8 Rd8
41. Nd6 g6 42. Bf7+ Kg7 43. Bxe6 Nc6 44. Bd5 Na5 45. Nb5 Be7 46. Rb1 Rb8 47.
Nc7 Bg5 48. Kf2 Kh7 49. Ke2 h5 50. Kd3 Bd8 51. Na6 Rc8 52. e6 Nc6 53. Re1 Be7
54. Rb1 Bd8 55. e7 Bxe7 56. Rxb6 Ne5+ 57. Kc3 Kh6 58. Re6 Bg5 59. Kb3 Ng4 60.
Bc6 Rg8 61. Nxc5 Nh2 62. a4 Nf1 63. a5 Nd2+ 64. Kb4 Rb8+ 65. Bb7 Ne4 66. a6
Bd2+ 67. Kb5 Nxc5 68. Kxc5 Be1 69. Rxe1 1-0

[Event "BUL DIP 2O"]
[Site "Pleven"]
[Date "2005.03.03"]
[Round "6.1"]
[White "Nikolov, Momchil"]
[Black "Boichev, Marian"]
[Result "1-0"]
[WhiteElo "2420"]
[BlackElo "2214"]
[PlyCount "117"]
[EventDate "2005.03.??"]
[EventType "swiss"]
[EventRounds "9"]
[EventCountry "BUL"]

1. e4 c5 2. Nf3 e6 3. d4 cxd4 4. Nxd4 Nf6 5. Nc3 d6 6. Be2 Nc6 7. O-O Be7 8.
Be3 O-O 9. f4 e5 10. Nb3 exf4 11. Bxf4 Be6 12. Kh1 d5 13. e5 Ne4 14. Nxe4 dxe4
15. Qc1 Qb6 16. c3 f5 17. exf6 Bxf6 18. Be3 Qc7 19. Nc5 Qe5 20. Nxe6 Qxe6 21.
Qc2 Kh8 22. Rf4 Rfe8 23. Bg4 Qc4 24. Bg1 Bg5 25. Rf5 Bh6 26. Rc5 Qd3 27. Qb3
Ne5 28. Bf5 Nf3 29. Rd5 Qe2 30. Bg4 Rad8 31. Rxd8 Rxd8 32. Qxb7 Rf8 33. Bc5 Rd8
34. Bxf3 exf3 35. Qxf3 Qxb2 36. Rf1 Qxa2 37. Bxa7 Qa3 38. Bd4 Qe7 39. h3 Kg8
40. Qc6 Qd7 41. Qxd7 Rxd7 42. g3 g6 43. Kg2 Re7 44. Ra1 Kf7 45. Kf3 Bd2 46. Ra2
Be1 47. g4 Bh4 48. c4 Bf6 49. Bxf6 Kxf6 50. Re2 Rc7 51. Re4 Rc5 52. Ke3 Ra5 53.
Kd4 Ra3 54. Re3 Ra4 55. Kd5 Kg5 56. c5 Ra1 57. Rd3 Kf4 58. c6 Ra5+ 59. Kd6 1-0

[Event "BUL Semifinal (m)"]
[Site "Veliko Turnovo"]
[Date "2005.03.24"]
[Round "8.7"]
[White "Nikolov, Momchil"]
[Black "Boichev, Marian"]
[Result "0-1"]
[WhiteElo "2420"]
[BlackElo "2214"]
[PlyCount "146"]
[EventDate "2005.03.??"]
[EventType "swiss"]
[EventRounds "9"]
[EventCountry "BUL"]

1. e4 c5 2. Nf3 e6 3. d4 cxd4 4. Nxd4 Nf6 5. Nc3 d6 6. Be2 Nc6 7. O-O Be7 8.
Be3 O-O 9. f4 e5 10. Nb3 exf4 11. Bxf4 Be6 12. Kh1 d5 13. e5 Nd7 14. Nxd5 Ndxe5
15. c4 Bg5 16. Nc5 Bxf4 17. Nxe6 fxe6 18. Nxf4 Rf6 19. Qb3 Qb6 20. Nd3 Rxf1+
21. Rxf1 Qxb3 22. axb3 Nxd3 23. Bxd3 Rd8 24. Rd1 g6 25. Kg1 Nb4 26. Be2 Rxd1+
27. Bxd1 Kf7 28. Kf2 Kf6 29. Ke3 Ke5 30. Bf3 b6 31. Be4 a5 32. g3 Na6 33. Bc2
Nb8 34. Be4 Nd7 35. Bc2 Nf6 36. Bd1 g5 37. Be2 h6 38. Bf3 Ne8 39. Kd3 Kd6 40.
Kd4 Ng7 41. Ke4 Nf5 42. Bd1 Ne7 43. Bg4 Nc6 44. Bd1 Ne5 45. Kd4 Nd7 46. Bf3 Nc5
47. Kc3 Na6 48. Bb7 Nb4 49. Kd4 Nc2+ 50. Kd3 Nb4+ 51. Kd4 Nc6+ 52. Bxc6 Kxc6
53. b4 axb4 54. b3 g4 55. Ke5 Kc5 56. Ke4 Kd6 57. Kf4 h5 58. Kg5 Ke5 59. Kxh5
Kf5 60. Kh4 e5 61. h3 e4 62. hxg4+ Ke5 63. Kh3 Kd4 64. g5 e3 65. g6 e2 66. g7
e1=Q 67. g8=Q Qh1+ 68. Kg4 Qd1+ 69. Kf5 Qf3+ 70. Ke6 Qxb3 71. Qg4+ Kc5 72. Kf6
Qc3+ 73. Kg5 Qg7+ 0-1

[Event "BUL Semifinal (m)"]
[Site "Veliko Turnovo"]
[Date "2005.03.20"]
[Round "2.3"]
[White "Petkov, Vladimir"]
[Black "Boichev, Marian"]
[Result "1-0"]
[WhiteElo "2439"]
[BlackElo "2214"]
[PlyCount "81"]
[EventDate "2005.03.??"]
[EventType "swiss"]
[EventRounds "9"]
[EventCountry "BUL"]

1. d4 Nf6 2. c4 e6 3. Nc3 Bb4 4. e3 b6 5. Nge2 c5 6. a3 Ba5 7. Rb1 Na6 8. g3
Bb7 9. d5 b5 10. Bg2 bxc4 11. O-O Rb8 12. e4 exd5 13. exd5 O-O 14. Qa4 Bxc3 15.
Nxc3 Nc7 16. Rd1 d6 17. Qxc4 a5 18. b4 axb4 19. axb4 Ba6 20. b5 Bc8 21. Qf4 Re8
22. h3 Na8 23. Be3 Bb7 24. g4 Qe7 25. b6 Ba6 26. Qa4 Bb7 27. Qa7 Nd7 28. Bf4
Qf6 29. Bd2 Ne5 30. Re1 Red8 31. Ne4 Qg6 32. f4 Nxg4 33. hxg4 Qxg4 34. Rb3 f6
35. Rg3 Qh4 36. Bc3 Kf8 37. Ree3 Qxf4 38. Ref3 Qc1+ 39. Rf1 Qc2 40. Qa1 Ke8 41.
Rxg7 1-0

[Event "BUL Plovdiv, Team Ch"]
[Site "Plovdiv"]
[Date "2003.11.06"]
[Round "3"]
[White "Peev, Peicho"]
[Black "Boichev, Marian"]
[Result "0-1"]
[WhiteElo "2320"]
[BlackElo "2164"]
[PlyCount "108"]
[EventDate "2003.11.??"]
[EventType "team"]
[EventRounds "9"]
[EventCountry "BUL"]

1. d4 Nf6 2. c4 e6 3. Nf3 b6 4. g3 Ba6 5. Qa4 c6 6. Nc3 Be7 7. Bg2 O-O 8. O-O
d5 9. Ne5 Qc8 10. cxd5 b5 11. Qd1 cxd5 12. Bf4 Nbd7 13. Rc1 Qb7 14. Nd3 b4 15.
Na4 Rfc8 16. Bg5 Rxc1 17. Qxc1 Bxd3 18. exd3 Rc8 19. Qd1 Nb6 20. Nc5 Qc6 21.
Be3 Nfd7 22. Qb3 Nxc5 23. dxc5 Bxc5 24. Rc1 Qb5 25. Qc2 Bf8 26. Qxc8 Nxc8 27.
Rxc8 Qd7 28. Ra8 Qc6 29. Rxa7 g6 30. b3 Bc5 31. Bxc5 Qxc5 32. Rb7 Qc1+ 33. Bf1
Qd2 34. Kg2 Kg7 35. h4 Kf6 36. g4 h6 37. Kg3 g5 38. hxg5+ hxg5 39. Kg2 Qf4 40.
Be2 Ke5 41. d4+ Kf6 42. Bb5 Qxg4+ 43. Kf1 Qxd4 44. Be8 Qd3+ 45. Kg2 Qe4+ 46. f3
Qe2+ 47. Kg3 Qe1+ 48. Kg2 Qd2+ 49. Kg3 Qf4+ 50. Kg2 Kg7 51. Bd7 g4 52. fxg4
Qxg4+ 53. Kf2 Qf4+ 54. Ke2 d4 0-1

[Event "BUL Ch U20"]
[Site "Pleven"]
[Date "2004.02.04"]
[Round "1"]
[White "Andreev, Andrei"]
[Black "Boichev, Marian"]
[Result "0-1"]
[WhiteElo "1900"]
[BlackElo "2135"]
[PlyCount "56"]
[EventDate "2004.02.10"]
[EventType "swiss"]
[EventRounds "9"]
[EventCountry "BUL"]

1. d4 Nf6 2. Nf3 e6 3. c4 b6 4. Nc3 Bb4 5. Bd2 Bb7 6. e3 O-O 7. Be2 Be7 8. O-O
c5 9. a3 cxd4 10. Nxd4 Nc6 11. Nxc6 Bxc6 12. Rc1 Rc8 13. b4 Qc7 14. Na4 Qb8 15.
c5 Bxa4 16. Qxa4 bxc5 17. bxc5 Bxc5 18. Ba6 Rc7 19. Ba5 Bb6 20. Rb1 Rc5 21.
Bxb6 axb6 22. Bb5 Nd5 23. Qb3 Nc3 24. Rbc1 Rh5 25. h3 Nxb5 26. Rfd1 Rd8 27. a4
Na7 28. Rd6 Qxd6 0-1

[Event "BUL Ch U20"]
[Site "Pleven"]
[Date "2004.02.10"]
[Round "9"]
[White "Gigov, Mihail"]
[Black "Boichev, Marian"]
[Result "0-1"]
[WhiteElo "2170"]
[BlackElo "2135"]
[PlyCount "69"]
[EventDate "2004.02.10"]
[EventType "swiss"]
[EventRounds "9"]
[EventCountry "BUL"]

1. e4 c5 2. Nf3 e6 3. d4 cxd4 4. Nxd4 Nf6 5. Nc3 d6 6. Be3 a6 7. g4 b5 8. g5
Nfd7 9. Bg2 Bb7 10. O-O Nc6 11. f4 b4 12. Nce2 Nc5 13. Ng3 Qc7 14. Qg4 Na5 15.
Rae1 Nc4 16. Bc1 Qb6 17. Kh1 g6 18. b3 Na5 19. f5 e5 20. fxg6 hxg6 21. Ndf5 Bc8
22. Qe2 gxf5 23. exf5 Bb7 24. g6 Bxg2+ 25. Kxg2 O-O-O 26. Qg4 f6 27. Nh5 Qb7+
28. Kf2 Bg7 29. h4 Ne4+ 30. Rxe4 Rxh5 31. Rxb4 Qc6 32. Qxh5 Qc5+ 33. Be3 Qxb4
34. Qh7 Qb5 35. h5 0-1

[Event "BUL Ch U20"]
[Site "Pleven"]
[Date "2004.02.05"]
[Round "3"]
[White "Iotov, Valentin"]
[Black "Boichev, Marian"]
[Result "1/2-1/2"]
[WhiteElo "2270"]
[BlackElo "2135"]
[PlyCount "81"]
[EventDate "2004.02.10"]
[EventType "swiss"]
[EventRounds "9"]
[EventCountry "BUL"]

1. d4 Nf6 2. c4 e6 3. Nc3 Bb4 4. e3 b6 5. Bd3 Bb7 6. Nf3 Bxc3+ 7. bxc3 d6 8.
O-O Nbd7 9. Qe2 Qe7 10. e4 e5 11. Bg5 h6 12. Bh4 g5 13. Bg3 Nh5 14. a4 a5 15.
Rab1 Nf4 16. Bxf4 gxf4 17. Nd2 c5 18. d5 O-O-O 19. Nf3 Rhg8 20. Kh1 Kc7 21. g3
Rb8 22. Nh4 Bc8 23. Ng2 Nf6 24. Rg1 Bh3 25. Nh4 Nd7 26. Qb2 Nf8 27. Qb5 Bd7 28.
Nf5 Qe8 29. Qa6 Bxf5 30. exf5 fxg3 31. hxg3 h5 32. Rb2 Nd7 33. f3 Rb7 34. Qb5
Nf6 35. Qxe8 Rxe8 36. Be4 Rbb8 37. Rh2 Rg8 38. Kg2 Rg5 39. Kf2 Rbg8 40. Rh4
R8g7 41. Rh3 1/2-1/2

[Event "BUL Ch U20"]
[Site "Pleven"]
[Date "2004.02.07"]
[Round "5"]
[White "Mladenov, Ilian"]
[Black "Boichev, Marian"]
[Result "1/2-1/2"]
[WhiteElo "2235"]
[BlackElo "2135"]
[PlyCount "90"]
[EventDate "2004.02.10"]
[EventType "swiss"]
[EventRounds "9"]
[EventCountry "BUL"]

1. d4 Nf6 2. Bg5 e6 3. e4 h6 4. Bxf6 Qxf6 5. Nc3 Bb4 6. Qd2 d6 7. f4 Bxc3 8.
bxc3 e5 9. Bd3 Qxf4 10. Qxf4 exf4 11. h4 Bg4 12. Rb1 b6 13. Ne2 f3 14. gxf3
Bxf3 15. Rg1 Bxe2 16. Kxe2 g6 17. Bc4 Nd7 18. Rbf1 Rh7 19. h5 g5 20. Rf5 Ke7
21. Rgf1 Rf8 22. Bb5 Rg7 23. Bxd7 Kxd7 24. Kf3 f6 25. Ke3 Ke6 26. c4 Rgf7 27.
Rg1 Re7 28. Rgf1 Rd7 29. R1f2 Rdf7 30. Rf1 Rd8 31. R1f2 Ke7 32. Rf1 a6 33. a4
a5 34. R1f2 Rg8 35. Rg2 Kf8 36. Rgf2 Kg7 37. Rf1 Re8 38. Kd3 Re6 39. R1f2 Rfe7
40. Re2 Re8 41. Re1 R6e7 42. Re2 Rf8 43. Ref2 Re6 44. Rf1 Rfe8 45. Re1 R8e7
1/2-1/2

[Event "BUL Ch U20"]
[Site "Pleven"]
[Date "2004.02.08"]
[Round "7"]
[White "Raev, Rostislav"]
[Black "Boichev, Marian"]
[Result "1-0"]
[WhiteElo "2290"]
[BlackElo "2135"]
[PlyCount "109"]
[EventDate "2004.02.10"]
[EventType "swiss"]
[EventRounds "9"]
[EventCountry "BUL"]

1. c4 c5 2. Nc3 Nc6 3. g3 g6 4. Bg2 Bg7 5. e3 e6 6. Nge2 Nge7 7. O-O O-O 8. d3
d5 9. cxd5 Nxd5 10. Nxd5 exd5 11. Nf4 d4 12. e4 b6 13. Re1 Rb8 14. Nd5 Bb7 15.
Bf4 Ra8 16. e5 Nxe5 17. Nf6+ Bxf6 18. Bxb7 Rb8 19. Bg2 Re8 20. Qb3 Qd7 21. a4
a5 22. Re2 g5 23. Bd2 Qe6 24. Qb5 Qd7 25. Qxd7 Nxd7 26. Be4 Re6 27. f4 h6 28.
Rf2 gxf4 29. Bxf4 Be5 30. Bd5 Re7 31. Bxh6 Nf6 32. Bf3 Kh7 33. Bd2 Rbe8 34.
Raf1 Kg6 35. g4 Ng8 36. h4 Bg3 37. h5+ Kg7 38. Rg2 Be1 39. Bf4 Bb4 40. g5 Re1
41. h6+ Kh8 42. Rxe1 Rxe1+ 43. Kh2 c4 44. Be4 cxd3 45. Be5+ f6 46. gxf6 Bd6 47.
Bxd6 Nxf6 48. Bxd3 Re3 49. Bf5 Rf3 50. Bg6 Nd7 51. h7 Rf6 52. Bd3 Rh6+ 53. Kg1
Rxh7 54. Bxh7 Kxh7 55. Rd2 1-0

[Event "Plovdiv BUL, Men Ch (Qualifier) 2007"]
[Site "Plovdiv BUL"]
[Date "2007.02.25"]
[Round "3.2"]
[White "Yordanov, N."]
[Black "Bojchev, M."]
[Result "0-1"]
[WhiteElo "2237"]
[BlackElo "2366"]
[PlyCount "163"]
[EventDate "2007.02.24"]

1. e4 c5 2. Nf3 e6 3. d4 cxd4 4. Nxd4 Nf6 5. Nc3 d6 6. Bg5 h6 7. Be3 Nc6 8. f3
a6 9. Qd2 Qc7 10. O-O-O b5 11. Bd3 Bb7 12. Kb1 Nd7 13. Nxc6 Bxc6 14. Ne2 Be7
15. Nd4 Bb7 16. g4 d5 17. Rhf1 dxe4 18. fxe4 Nc5 19. Qf2 O-O 20. Qg2 Rad8 21.
Nb3 Nxb3 22. axb3 Bg5 23. Bf2 Qe7 24. Qg1 Rc8 25. Qg3 e5 26. h4 Bf4 27. Qf3 g6
28. Bg3 Bxg3 29. Qxg3 Kg7 30. g5 hxg5 31. hxg5 Rh8 32. Rf6 Rc7 33. Rdf1 Qe8 34.
b4 Bc8 35. Ka1 Rh3 36. Qf2 Be6 37. Rf3 Rh5 38. Qg3 Bc8 39. Rf6 Re7 40. Be2 Rh3
41. Qf2 Rc7 42. Rf3 Rxf3 43. Bxf3 Qe6 44. Qh2 Kf8 45. Rd1 Rd7 46. Qh8+ Ke7 47.
Rd5 Rxd5 48. exd5 Qf5 49. d6+ Kxd6 50. Qd8+ Bd7 51. Qb6+ Ke7 52. Qc5+ Ke8 53.
Bb7 Qxg5 54. Bxa6 Qe7 55. Qd5 Kf8 56. Bxb5 Bxb5 57. Qxb5 e4 58. c3 e3 59. Qe2
Qe4 60. b5 Qf4 61. b6 Qf2 62. Qa6 e2 63. b7 e1=Q+ 64. Ka2 Qxc3 65. b8=Q+ Kg7
66. Qab5 Qcf6 67. Q8b7 g5 68. Qb4 Qe6+ 69. Ka3 Qfe3+ 70. b3 Qc1+ 71. Ka4 Qa1+
72. Kb5 g4 73. Qc4 Qae5+ 74. Kb4 Qxc4+ 75. Kxc4 g3 76. Qf3 f5 77. Qh5 Qf4+ 78.
Kd5 g2 79. Qd1 Qe3 80. Qa1+ Kf7 81. Qa7+ Qxa7 82. b4 0-1

[Event "Pleven BUL, Junior Ch U20"]
[Site "Pleven BUL"]
[Date "2006.02.25"]
[Round "7.2"]
[White "Bonev, Todor"]
[Black "Bojchev, M."]
[Result "0-1"]
[WhiteElo "2259"]
[BlackElo "2354"]
[PlyCount "76"]
[EventDate "2006.02.22"]

1. e4 c5 2. Nf3 e6 3. d4 cxd4 4. Nxd4 Nf6 5. Nc3 d6 6. Bc4 a6 7. Bb3 Nc6 8. Be3
Na5 9. Qe2 Qc7 10. O-O b5 11. a3 Nxb3 $2 $146 {11...Be7; 11...Bd7.} 12. Nxb3 $2
Bb7 13. Bg5 $2 Be7 14. Rad1 O-O 15. f4 h6 16. Bh4 $2 Nxe4 17. Nxe4 Bxh4 18. f5
Qc4 $1 19. Nc3 Qxe2 20. Nxe2 Rad8 $19 21. Nf4 Rfe8 22. fxe6 fxe6 23. Nd4 Bc8 {
23...e5.} 24. Nc6 Rd7 25. Rd3 Bf6 26. c3 Bb7 27. Na5 Be4 28. Re3 d5 29. Nh5 Bd8
30. Rg3 Rf8 31. Rxf8+ Kxf8 32. Nc6 Bc7 33. Rg4 Bf5 34. Rb4 Bd6 35. Nf4 Rc7 36.
Na5 Bxb4 37. axb4 g5 38. Ne2 e5 0-1